=LDR 00000nam 2200000 4500 =001 INLIS000000000027790 =005 20130612130133 =008 ***********************************Ind** =035 ##$$0010-061300000027790 =041 ##$$a Ind =082 ##$$a 959.852 =090 ##$$a 959.852, Zak g =100 ##$$a Zakaria, Fath =245 ##$$a Geger gerakan 30 september 1965 rakyat NTB melawan bahaya merah, Fath Zakaria =260 ##$$a 2001 $b Mataram =300 ##$$a xxiv, 160 hlm, 21 cm =650 ##$$a Sejarah-NTB =850 ##$$a NBPNMAT